Biggest Trading Partners: Macao - Statistics

General Stats
  • This quiz has been taken 60 times
  • The average score is 10 of 12
Answer Stats
Type Rank Country Value Percent % Correct
Exports 1 China $996M 72.3%
100%
Imports 2 Japan $535M 4.73%
98%
Exports 3 United States $51.0M 3.70%
96%
Imports 7 Taiwan $118M 1.04%
90%
Exports 7 France $14.4M 1.05%
88%
Exports 2 Germany $66.2M 4.81%
88%
Exports 8 Singapore $14.3M 1.04%
84%
Exports 4 Australia $38.5M 2.80%
82%
Exports 6 Malaysia $20.5M 1.49%
78%
Imports 4 Italy $286M 2.53%
71%
Exports 5 Philippines $36.3M 2.63%
71%
Imports 6 Netherlands $174M 1.54%
55%
No matching quizzes found
Score Distribution
Percent of People with Each Score
Percentile by Number Answered
Your Score History
You have not taken this quiz